000 00318nam a2200121Ia 4500
008 220120s9999||||xx |||||||||||||| ||und||
082 _a823 HAR
100 _aLevine, Gail Carson
_911889
245 0 _aElla enchanted
260 _aHarper Trophy
_bNew Delhi
_c1997
300 _aVI1154p.28cm
_b42.5
650 _aELECTRONICS
999 _c137428
_d137428